00521nam a22001577a 450000500170000000800410001702000280005804100130008608200140009910000480011324500700016125000200023126000560025130000310030765000250033820231113132958.0231113b |||||||| |||| 00| 0 eng d a0409060186 ; 0409060194 aEnglish  a345.3 VAN aVan der Walt, JC and Midgley, JR lEnglish  aDelict: Principles and Cases / cJC Van deer Walt and JR Midgley  aSecond Edition  aDurban : bButterworth Publishers (Pty) Ltd, c1997 bvii, 263 pages ; c25 cm.  aLegal practice bLaw